000 00461nam a2200157 i 4500
001 69697
003 ES-MaACL
005 20230906170601.0
007 t|
008 040709s1969 sp ||||1| spa d
100 1 _aGarcía García, José.
_954660
245 1 0 _aMatemáticas
_b: 3º curso de oficialía industrial /
_cJosé García García.
260 _aAlcoy :
_bMarfil,
_c1969.
300 _a161 p. :
_bil. ;
_c22 cm.
852 _aES-MaACL
_jC-46932
_bR.72007
999 _c69697
_d69697